000 02295nam1a2200337 i 4500
001 RU\NLR\b_ik\183356
005 20260407222459.0
035 _a(NLR Aleph) 002255883
090 _a3752227
_c3752227
100 _a20100416g20 9999k y0rusy50 ba
101 0 _aeng
102 _aRU
105 _a||||z |||||
200 1 _aInteractive systems and technologies: the problem of human-computer interaction
_ecollection of scientific papers
_e[presented during the 8th International conference (21-24 September, Ulyanovsk, Russia
_fed. board: Peter Sosnin, Prof. (the resp. ed.) et al.]
210 _aUlyanovsk
_cUISTU
_d2009
215 _d25
300 _aВ вып. дан.: Интерактивные системы и технологии: проблемы человеко-компьютерного взаимодействия
300 _aВ надзаг.: Min. of science a. education of Russ. Federation, Russ. acad. of artificial intelligence, Ulyanovsk state techn. univ. (Russia), Darmstadt univ. of appl. science (Germany) [и др.]
320 _aБиблиогр. в конце докл.
463 1 _1001RU\NLR\b_ik\182822
_1200##$aVol. 3
_0RU\NLR\b_ik\182822
_93745316
_cБ. м.
_d2009
_p467 с.
_tInteractive systems and technologies: the problem of human-computer interaction. - Vol. 3
_y978-5-9795-0445-2
517 0 _aИнтерактивные системы и технологии: проблемы человеко-компьютерного взаимодействия
606 1 _aИнтерактивные системы
_jСъезды, совещания и т.п.
_9975358
_3RU\NLR\AUTH\66366481
606 1 _aИнформационные технологии
_jСъезды, совещания и т.п.
_xСоциальный аспект
_92472120
_3RU\NLR\AUTH\661468157
686 1 _aЗ973.2-018.5я431
686 1 _aС550.57я431
702 1 _aSosnin
_bP. I.
_gPetr Ivanovič
_4340
711 1 2 _8eng
_a"Interactive systems and technologies: the problem of human-computer interaction", international conference
_d8
_f2009
_eUlyanovsk
_7ba
_3RU\NLR\AUTH\8810149808
_9794180
801 0 _aRU
_bNLR
_c20100416
_gRCR
852 _aNLR
_bИк
_j2010-7/479
942 _cBOOK